000 00749nmm a2200253 a 4500
003 AR-BaBNM
005 20251128203615.0
008 256119s[ca. ||||||||||||||000 | spa||
040 _cAR-BaBNM
100 1 _aCervantes Saavedra, Miguel de
_d1547-1616
245 1 0 _aDon Quijote de la Mancha
260 _aMéxico, D.F.
_bHermes
_c[ca. 1940]
300 0 _a438 p.
500 0 _aEdición en homenaje a Cervantes en el cuarto centenario de su nacimiento 1547-1947
650 4 _aLITERATURA ESPANOLA
650 4 _aHUMOR LITERARIO
653 0 _aNOVELA DE PERSONAJE
653 0 _aSIGLO DE ORO ESPANOL
653 0 _aLIBROS DE CABALLERIA
655 _aLITERATURA
700 1 _aGómez de la Serna, Ramón
_eeditor
942 _cBK
998 _cisola
999 _c4105
_d4105